History Groups of Three - Statistics

General Stats
  • This quiz has been taken 1,681 times
  • The average score is 25 of 45
Answer Stats
Group Answer % Correct
WWII Allied leaders Winston Churchill
94%
Major Axis powers of WWII Germany
93%
Major Axis powers of WWII Italy
91%
WWII Allied leaders Franklin D. Roosevelt
90%
Major Axis powers of WWII Japan
90%
First names the wives of Henry VIII Anne
88%
Japanese cities that hosted the Olympics Tokyo
87%
Impeached U.S. presidents Donald Trump
85%
WWII Allied leaders Joseph Stalin
84%
Islands lived on By Napoleon Corsica
77%
Columbus's ships Santa Maria
77%
Islands lived on By Napoleon Elba
74%
Impeached U.S. presidents Bill Clinton
73%
First names the wives of Henry VIII Catherine
73%
Columbus's ships Pinta
71%
Columbus's ships Niña
68%
Islands lived on By Napoleon Saint Helena
64%
Asian colonies of Portugal in the 20th century Macau
62%
First names the wives of Henry VIII Jane
60%
"Great" Persian kings Xerxes
60%
Orders of Greek columns Ionic
55%
Orders of Greek columns Doric
54%
Parts of Dante's "Divine Comedy" Inferno
49%
Orders of Greek columns Corinthian
48%
Authors of the "Federalist Papers" Alexander Hamilton
46%
"Great" Persian kings Darius
46%
Impeached U.S. presidents Andrew Johnson
43%
"Great" Persian kings Cyrus
43%
Given names of the Kim dynasty Jong-il
42%
Given names of the Kim dynasty Jong-un
42%
Authors of the "Federalist Papers" James Madison
40%
Japanese cities that hosted the Olympics Sapporo
40%
Second Roman triumvirate Mark Antony
36%
Parts of Dante's "Divine Comedy" Purgatorio
36%
Asian colonies of Portugal in the 20th century Goa
34%
Given names of the Kim dynasty Il-sung
34%
France's three estates Clergy
33%
Asian colonies of Portugal in the 20th century East Timor
32%
Parts of Dante's "Divine Comedy" Paradiso
31%
France's three estates Nobility
28%
Authors of the "Federalist Papers" John Jay
25%
Second Roman triumvirate Octavian
24%
Japanese cities that hosted the Olympics Nagano
23%
France's three estates People
16%
Second Roman triumvirate Marcus Lepidus
12%
No matching quizzes found
Score Distribution
Percent of People with Each Score
Percentile by Number Answered
Your Score History
You have not taken this quiz